000 00461nam a2200181Ia 4500
003 GCL
008 140319s9999 xx 000 0 eng d
040 _aGCL /
_cGCL
082 0 4 _a822
_bF S
100 1 _aFAULKNER, WILLIAM
245 1 0 _aTHE SOUND AND THE FURY /
_cFAULKNER, WILLIAM
260 _a[S.N] :
_bPENGUIN BOOKS ،
_c1971
300 _a284 P P
650 0 4 _aENGLISH LITERATURE
650 0 4 _aENGLISH FICTION
650 0 4 _aFICTION
942 _2ddc
_cBK
999 _c11889
_d11889